án ma liệu pháp Xoa bóp trị bệnh phụ khoa

Gespeichert in:
Bibliographische Detailangaben
1. Verfasser: P Kim Long
Format: Buch
Sprache:Undetermined
Veröffentlicht: Tp. HCM Trẻ 2000
Schlagworte:
Tags: Tag hinzufügen
Keine Tags, Fügen Sie den ersten Tag hinzu!
Thư viện lưu trữ: Trung tâm Học liệu Trường Đại học Cần Thơ
LEADER 00580nam a2200205Ia 4500
001 CTU_39456
008 210402s9999 xx 000 0 und d
020 |b 22.000đ 
082 |a 613.7 
082 |b L431 
100 |a P Kim Long 
245 0 |a án ma liệu pháp 
245 0 |b Xoa bóp trị bệnh phụ khoa 
245 0 |c P Kim Long 
260 |a Tp. HCM 
260 |b Trẻ 
260 |c 2000 
650 |a massage therapy,mechanotherapy,physical fitness 
904 |i Nguyễn Quang Điền, 001121 
980 |a Trung tâm Học liệu Trường Đại học Cần Thơ